000 00640nam a2200169 a 4500
008 120416s1992 ||||||||||||||||| || u
020 _a0750610840
050 _aTK 4399.F2 Lyo
100 _aLyons, Stanley
245 1 0 _aLighting for industry and security: a handbook for providers and users of lighting
260 _aOxford:
_bButterworth-Heinemann
_c1992
350 _a0.00
650 _aLIGHTING
650 _aFACTORIES--SECURITY MEASURES
650 _aFACTORIES--LIGHTING
995 _D0.00
_FCBU-MAIN LIBRARY (Kitwe)
_H1
_I24.00
_UAVAILABLE
_ZMain Library Open Access Collection
999 _c49278
_d49278